Welcome to WEB OPAC of MRSPTU Central Library

Cost Analysis of a RCC Building in Different Seismic Zones with Various Shear Wall Arrangements (Record no. 11049)

MARC details
000 -LEADER
fixed length control field 00570nam a22001697a 4500
003 - CONTROL NUMBER IDENTIFIER
control field OSt
005 - DATE AND TIME OF LATEST TRANSACTION
control field 20260303155811.0
008 - FIXED-LENGTH DATA ELEMENTS--GENERAL INFORMATION
fixed length control field 260303b |||||||| |||| 00| 0 eng d
040 ## - CATALOGING SOURCE
Transcribing agency MRSPTU
041 ## - LANGUAGE CODE
Language code of text/sound track or separate title English
100 ## - MAIN ENTRY--PERSONAL NAME
Personal name Maninder Singh, Supervisor: Dr. Manjeet Bansal
245 ## - TITLE STATEMENT
Title Cost Analysis of a RCC Building in Different Seismic Zones with Various Shear Wall Arrangements
260 ## - PUBLICATION, DISTRIBUTION, ETC.
Name of publisher, distributor, etc. Department of Civil Engg. MRSPTU, Bathinda
Date of publication, distribution, etc. 2018
650 ## - SUBJECT ADDED ENTRY--TOPICAL TERM
Topical term or geographic name entry element Civil Engineering
856 ## - ELECTRONIC LOCATION AND ACCESS
Uniform Resource Identifier <a href="http://163.47.215.52:8080/jspui/handle/123456789/186">http://163.47.215.52:8080/jspui/handle/123456789/186</a>
942 ## - ADDED ENTRY ELEMENTS (KOHA)
Source of classification or shelving scheme Dewey Decimal Classification
Koha item type Theses & Dissertations
Suppress in OPAC No
Holdings
Withdrawn status Lost status Source of classification or shelving scheme Damaged status Not for loan Home library Current library Date acquired Total checkouts Full call number Barcode Date last seen Price effective from Koha item type
    Dewey Decimal Classification     MRSPTU Central Library MRSPTU Central Library 03/03/2026   624.01 SI-C TH405 03/03/2026 03/03/2026 Theses & Dissertations

Website Designed and Developed by MRSPTU Central Library Team

E-mail Id: librarian@mrsptu.ac.in